|
|
|
|
| LEADER |
01028cam a2200289 7i4500 |
| 001 |
0000051459 |
| 005 |
20251007090000.0 |
| 008 |
211012s2005 paua ### #00001eng## |
| 020 |
# |
# |
|a 9781591405818
|
| 020 |
# |
# |
|a 1591405866
|
| 020 |
# |
# |
|a 9781591405863
|
| 020 |
# |
# |
|a 1591405815
|
| 040 |
# |
# |
|a UMT
|b eng
|c UMT
|d Loc
|e rda
|
| 090 |
0 |
0 |
|a QA 76.76 .I58
|b A341 2005
|
| 245 |
0 |
0 |
|a Agent-oriented methodologies
|c edited by Brian Henderson-Sellers, Paolo Giorgini.
|
| 264 |
# |
1 |
|a Hershey, PA:
|b Idea Group Pub.,
|c 2005
|
| 300 |
# |
# |
|a xiii, 413 pages:
|b illustrations;
|c 27 cm
|
| 336 |
# |
# |
|a text --
|2 rdacontent
|
| 337 |
# |
# |
|a unmediated --
|2 rdamedia
|
| 338 |
# |
# |
|a volume --
|2 rdacarrier
|
| 504 |
# |
# |
|a Includes bibliographical references and index
|
| 590 |
# |
# |
|a Perpustakaan Sultanah Nur Zahirah
|
| 650 |
0 |
0 |
|a Intelligent agents (Computer software)
|
| 650 |
0 |
0 |
|a Object-oriented methods (Computer science)
|
| 700 |
1 |
# |
|a Henderson-Sellers, Brian
|
| 700 |
1 |
# |
|a Giorgini, Paolo
|
| 999 |
|
|
|a 1100047934
|b Book
|c Open Shelf
|e KOLEKSI TERBUKA
|